[Event "XLIV Memoriał Szachowy Ludwika Zamenhofa 2025, Grupa A"]
[Site "Białystok, Poland"]
[Date "2025.12.27"]
[Round "2.2"]
[White "Rekuc, Patryk"]
[Black "Markowski, Tomasz"]
[Result "1/2-1/2"]
[TimeControl "90'+30\""]
[WhiteElo "2288"]
[BlackElo "2491"]

1. e4 {[%clk 01:29:53]} {[%emt 00:01:01]} c5 {[%clk 01:30:58]} {[%emt
00:00:08]} 2. Nf3 {[%clk 01:30:17]} {[%emt 00:00:05]} e6 {[%clk 01:31:25]}
{[%emt 00:00:03]} 3. d4 {[%clk 01:30:42]} {[%emt 00:00:06]} cxd4 {[%clk
01:31:51]} {[%emt 00:00:03]} 4. Nxd4 {[%clk 01:31:08]} {[%emt 00:00:05]} a6
{[%clk 01:32:18]} {[%emt 00:00:02]} 5. Bd3 {[%clk 01:31:25]} {[%emt 00:00:13]}
Bc5 {[%clk 01:32:11]} {[%emt 00:00:38]} 6. Nb3 {[%clk 01:31:00]} {[%emt
00:00:55]} Ba7 {[%clk 01:32:25]} {[%emt 00:00:16]} 7. c4 {[%clk 01:31:19]}
{[%emt 00:00:11]} Ne7 {[%clk 01:32:24]} {[%emt 00:00:30]} 8. Nc3 {[%clk
01:31:30]} {[%emt 00:00:20]} O-O {[%clk 01:32:42]} {[%emt 00:00:12]} 9. O-O
{[%clk 01:31:50]} {[%emt 00:00:09]} Nbc6 {[%clk 01:32:51]} {[%emt 00:00:21]} 10.
Bg5 {[%clk 01:21:06]} {[%emt 00:11:14]} f6 {[%clk 01:25:19]} {[%emt 00:08:03]}
11. Bf4 {[%clk 01:18:57]} {[%emt 00:02:39]} d6 {[%clk 01:21:25]} {[%emt
00:04:24]} 12. Qd2 {[%clk 01:16:17]} {[%emt 00:03:09]} e5 {[%clk 01:20:51]}
{[%emt 00:01:04]} 13. Be3 {[%clk 01:16:19]} {[%emt 00:00:28]} Be6 {[%clk
01:20:46]} {[%emt 00:00:36]} 14. Bxa7 {[%clk 00:56:54]} {[%emt 00:19:54]} Rxa7
{[%clk 01:20:51]} {[%emt 00:00:25]} 15. Rfd1 {[%clk 00:56:04]} {[%emt
00:01:20]} Na5 {[%clk 01:14:02]} {[%emt 00:07:19]} 16. Nxa5 {[%clk 00:44:04]}
{[%emt 00:12:30]} Qxa5 {[%clk 01:14:26]} {[%emt 00:00:06]} 17. Nd5 {[%clk
00:44:31]} {[%emt 00:00:03]} Qxd2 {[%clk 01:13:06]} {[%emt 00:01:50]} 18. Nxe7+
{[%clk 00:44:40]} {[%emt 00:00:22]} Kf7 {[%clk 01:13:33]} {[%emt 00:00:03]} 19.
Rxd2 {[%clk 00:45:01]} {[%emt 00:00:08]} Kxe7 {[%clk 01:13:57]} {[%emt
00:00:07]} 20. Rad1 {[%clk 00:44:22]} {[%emt 00:01:08]} Rc8 {[%clk 01:08:17]}
{[%emt 00:06:09]} 21. b3 {[%clk 00:42:49]} {[%emt 00:02:04]} a5 {[%clk
01:06:42]} {[%emt 00:02:06]} 22. a4 {[%clk 00:36:58]} {[%emt 00:06:20]} Ra6
{[%clk 01:02:09]} {[%emt 00:05:03]} 23. f3 {[%clk 00:36:17]} {[%emt 00:01:11]}
Rb6 {[%clk 01:00:11]} {[%emt 00:02:29]} 24. Bc2 {[%clk 00:36:41]} {[%emt
00:00:05]} h5 {[%clk 00:56:40]} {[%emt 00:04:01]} 25. Kf2 {[%clk 00:33:40]}
{[%emt 00:03:32]} h4 {[%clk 00:54:18]} {[%emt 00:02:52]} 26. Ke3 {[%clk
00:30:32]} {[%emt 00:03:37]} Rh8 {[%clk 00:54:06]} {[%emt 00:00:43]} 27. Rf1
{[%clk 00:26:31]} {[%emt 00:04:31]} Rh5 {[%clk 00:51:51]} {[%emt 00:02:44]} 28.
Kd3 {[%clk 00:20:27]} {[%emt 00:06:34]} Rc6 {[%clk 00:46:19]} {[%emt 00:06:02]}
29. Kc3 {[%clk 00:19:01]} {[%emt 00:01:56]} Rh8 {[%clk 00:45:38]} {[%emt
00:01:11]} 30. Rfd1 {[%clk 00:17:02]} {[%emt 00:02:30]} Rf8 {[%clk 00:45:31]}
{[%emt 00:00:36]} 31. Re1 {[%clk 00:16:23]} {[%emt 00:01:09]} Rb8 {[%clk
00:41:44]} {[%emt 00:04:17]} 32. Red1 {[%clk 00:12:07]} {[%emt 00:04:46]} Rb6
{[%clk 00:40:18]} {[%emt 00:01:55]} 33. Bb1 {[%clk 00:08:29]} {[%emt 00:04:09]}
Rh8 {[%clk 00:40:26]} {[%emt 00:00:22]} 34. Bc2 {[%clk 00:07:02]} {[%emt
00:01:58]} g6 {[%clk 00:39:17]} {[%emt 00:01:39]} 35. h3 {[%clk 00:06:48]}
{[%emt 00:00:43]} Rh5 {[%clk 00:37:06]} {[%emt 00:02:41]} 36. Re1 {[%clk
00:06:39]} {[%emt 00:00:39]} Rg5 {[%clk 00:37:10]} {[%emt 00:00:27]} 37. Ree2
{[%clk 00:05:07]} {[%emt 00:02:01]} Rg3 {[%clk 00:36:12]} {[%emt 00:01:28]} 38.
Rf2 {[%clk 00:05:02]} {[%emt 00:00:35]} f5 {[%clk 00:35:13]} {[%emt 00:01:30]}
39. Rd1 {[%clk 00:05:13]} {[%emt 00:00:19]} Rc6 {[%clk 00:34:49]} {[%emt
00:00:54]} 40. Rfd2 {[%clk 00:05:31]} {[%emt 00:00:12]} Rb6 {[%clk 00:29:19]}
{[%emt 00:06:00]} 41. Rf2 {[%clk 00:05:49]} {[%emt 00:00:11]} Ra6 {[%clk
00:24:13]} {[%emt 00:05:36]} 42. Rfd2 {[%clk 00:06:10]} {[%emt 00:00:09]} Rc6
{[%clk 00:24:27]} {[%emt 00:00:16]} 43. Kb2 {[%clk 00:06:27]} {[%emt 00:00:14]}
Rg5 {[%clk 00:21:16]} {[%emt 00:03:41]} 44. Kc3 {[%clk 00:06:38]} {[%emt
00:00:19]} Rh5 {[%clk 00:21:15]} {[%emt 00:00:31]} 45. Rf1 {[%clk 00:06:22]}
{[%emt 00:00:45]} Rh8 {[%clk 00:20:52]} {[%emt 00:00:55]} 46. Rfd1 {[%clk
00:06:35]} {[%emt 00:00:16]} Rhc8 {[%clk 00:20:55]} {[%emt 00:00:27]} 47. Kb2
{[%clk 00:06:14]} {[%emt 00:00:51]} Rd8 {[%clk 00:21:05]} {[%emt 00:00:20]} 48.
Kc3 {[%clk 00:06:20]} {[%emt 00:00:25]} Rb6 {[%clk 00:19:47]} {[%emt 00:01:47]}
49. Bb1 {[%clk 00:06:38]} {[%emt 00:00:12]} Rc8 {[%clk 00:19:57]} {[%emt
00:00:21]} 50. Bc2 {[%clk 00:06:44]} {[%emt 00:00:23]} Rcc6 {[%clk 00:19:49]}
{[%emt 00:00:38]} 51. Bb1 {[%clk 00:05:49]} {[%emt 00:01:25]} Rb4 {[%clk
00:18:33]} {[%emt 00:01:46]} 52. Bc2 {[%clk 00:05:59]} {[%emt 00:00:21]} Rcb6
{[%clk 00:18:42]} {[%emt 00:00:21]} 53. Rf1 {[%clk 00:06:02]} {[%emt 00:00:26]}
Rc6 {[%clk 00:14:37]} {[%emt 00:04:36]} 54. Rfd1 {[%clk 00:06:24]} {[%emt
00:00:08]} b5 {[%clk 00:10:06]} {[%emt 00:05:02]} 55. axb5 {[%clk 00:06:27]}
{[%emt 00:00:26]} Rxb5 {[%clk 00:10:34]} {[%emt 00:00:01]} 56. Rxd6 {[%clk
00:05:20]} {[%emt 00:01:38]} Rxd6 {[%clk 00:10:49]} {[%emt 00:00:15]} 57. cxb5
{[%clk 00:04:49]} {[%emt 00:01:01]} Rb6 {[%clk 00:11:18]} 58. Bd3 {[%clk
00:04:57]} {[%emt 00:00:23]} fxe4 {[%clk 00:11:37]} {[%emt 00:00:11]} 59. fxe4
{[%clk 00:05:15]} {[%emt 00:00:12]} Bd7 {[%clk 00:10:24]} {[%emt 00:01:44]} 60.
Bc4 {[%clk 00:04:17]} {[%emt 00:01:27]} Bxb5 {[%clk 00:10:27]} {[%emt
00:00:27]} 61. Rd5 {[%clk 00:04:40]} {[%emt 00:00:07]} Bxc4 {[%clk 00:09:33]}
{[%emt 00:01:23]} 62. bxc4 {[%clk 00:05:06]} {[%emt 00:00:05]} Kf6 {[%clk
00:09:21]} {[%emt 00:00:42]} 63. Rxa5 {[%clk 00:05:26]} {[%emt 00:00:10]} Rb1
{[%clk 00:09:41]} {[%emt 00:00:10]} 64. Ra6+ {[%clk 00:03:41]} {[%emt
00:02:15]} Kg5 {[%clk 00:09:28]} {[%emt 00:00:42]} 65. Re6 {[%clk 00:04:07]}
{[%emt 00:00:05]} Kf4 {[%clk 00:09:41]} {[%emt 00:00:17]} 66. Rxg6 {[%clk
00:04:31]} {[%emt 00:00:05]} Kxe4 {[%clk 00:10:05]} {[%emt 00:00:06]} 67. Rg4+
{[%clk 00:02:00]} {[%emt 00:03:02]} Ke3 {[%clk 00:10:33]} {[%emt 00:00:02]} 68.
Rxh4 {[%clk 00:02:23]} {[%emt 00:00:07]} e4 {[%clk 00:10:11]} {[%emt 00:00:51]}
69. Rh8 {[%clk 00:02:18]} {[%emt 00:00:35]} Rc1+ {[%clk 00:10:13]} {[%emt
00:00:29]} 70. Kb4 {[%clk 00:02:46]} {[%emt 00:00:02]} Kf2 {[%clk 00:09:26]}
{[%emt 00:01:16]} 71. g4 {[%clk 00:02:57]} {[%emt 00:00:19]} e3 {[%emt
00:00:27]} 72. Rf8+ {[%clk 00:03:19]} Kg3 {[%clk 00:10:06]} {[%emt 00:00:02]}
73. Re8 {[%clk 00:03:44]} {[%emt 00:00:04]} Kf2 {[%clk 00:10:11]} {[%emt
00:00:25]} 74. Rf8+ {[%clk 00:02:22]} {[%emt 00:01:52]} Kg3 {[%clk 00:10:32]}
{[%emt 00:00:07]} 75. Re8 {[%clk 00:02:48]} {[%emt 00:00:06]} Kf2 {[%clk
00:11:00]} {[%emt 00:00:02]} 1/2-1/2

[Event "XLIV Memoriał Szachowy Ludwika Zamenhofa 2025, Grupa A"]
[Site "Białystok, Poland"]
[Date "2025.12.27"]
[Round "2.3"]
[White "Kokoszczynski, Jan"]
[Black "Baum, Jonasz"]
[Result "1-0"]
[TimeControl "90'+30\""]
[WhiteElo "2275"]
[BlackElo "2446"]

1. d4 {[%clk 01:24:09]} {[%emt 00:06:42]} Nf6 {[%clk 01:30:57]} {[%emt
00:00:11]} 2. c4 {[%clk 01:24:19]} {[%emt 00:00:20]} e6 {[%clk 01:31:12]}
{[%emt 00:00:15]} 3. Bf4 {[%clk 01:24:42]} {[%emt 00:00:07]} d5 {[%clk
01:26:23]} {[%emt 00:05:20]} 4. cxd5 {[%clk 01:24:55]} {[%emt 00:00:16]} Nxd5
{[%clk 01:24:59]} {[%emt 00:01:54]} 5. Bg3 {[%clk 01:25:10]} {[%emt 00:00:15]}
c5 {[%clk 01:25:00]} {[%emt 00:00:30]} 6. e4 {[%clk 01:25:16]} {[%emt
00:00:23]} Nf6 {[%clk 01:25:26]} {[%emt 00:00:05]} 7. Nd2 {[%clk 01:25:15]}
{[%emt 00:00:30]} cxd4 {[%clk 01:19:50]} {[%emt 00:06:07]} 8. e5 {[%clk
01:17:32]} {[%emt 00:08:13]} Nd5 {[%clk 01:18:53]} {[%emt 00:01:27]} 9. a3
{[%clk 01:17:17]} {[%emt 00:00:45]} Be7 {[%clk 01:12:56]} {[%emt 00:06:27]} 10.
Bd3 {[%clk 01:13:10]} {[%emt 00:04:37]} Nc6 {[%clk 01:05:26]} {[%emt 00:08:01]}
11. Ngf3 {[%clk 01:11:28]} {[%emt 00:02:10]} Bd7 {[%clk 01:04:44]} {[%emt
00:01:13]} 12. O-O {[%clk 01:08:25]} {[%emt 00:03:32]} g5 {[%clk 00:49:45]}
{[%emt 00:15:30]} 13. h3 {[%clk 01:05:33]} {[%emt 00:03:22]} h5 {[%clk
00:46:26]} {[%emt 00:03:49]} 14. Ne4 {[%clk 01:01:37]} {[%emt 00:04:25]} Nf4
{[%clk 00:34:34]} {[%emt 00:12:23]} 15. Bxf4 {[%clk 00:51:50]} {[%emt
00:10:18]} gxf4 {[%clk 00:35:01]} {[%emt 00:00:03]} 16. Qd2 {[%clk 00:51:10]}
{[%emt 00:01:09]} Qb6 {[%clk 00:30:57]} {[%emt 00:04:35]} 17. Qxf4 {[%clk
00:47:42]} {[%emt 00:03:57]} O-O-O {[%clk 00:31:25]} {[%emt 00:00:02]} 18. b4
{[%clk 00:43:03]} {[%emt 00:05:10]} Be8 {[%clk 00:28:55]} {[%emt 00:02:59]} 19.
Rfc1 {[%clk 00:35:55]} {[%emt 00:07:37]} Kb8 {[%clk 00:28:49]} {[%emt
00:00:38]} 20. Nd6 {[%clk 00:18:36]} {[%emt 00:17:48]} f5 {[%clk 00:19:07]}
{[%emt 00:10:12]} 21. Rc5 {[%clk 00:10:58]} {[%emt 00:08:08]} Rd7 {[%clk
00:09:03]} {[%emt 00:10:35]} 22. Nxd4 {[%clk 00:05:51]} {[%emt 00:05:37]} a6
{[%clk 00:06:54]} {[%emt 00:02:39]} 23. Nxc6+ {[%clk 00:04:45]} {[%emt
00:01:36]} bxc6 {[%clk 00:07:23]} {[%emt 00:00:02]} 24. Bc4 {[%clk 00:04:06]}
{[%emt 00:01:09]} Bf8 {[%clk 00:06:37]} {[%emt 00:01:16]} 25. Bxe6 {[%clk
00:03:59]} {[%emt 00:00:37]} Bh6 {[%clk 00:06:15]} {[%emt 00:00:52]} 26. Qc4
{[%clk 00:03:20]} {[%emt 00:01:08]} Rc7 {[%clk 00:06:14]} {[%emt 00:00:31]} 27.
Nxf5 {[%clk 00:03:04]} {[%emt 00:00:46]} Bf8 {[%clk 00:06:03]} {[%emt
00:00:41]} 28. Nd6 {[%clk 00:03:30]} {[%emt 00:00:04]} Bg6 {[%clk 00:06:23]}
{[%emt 00:00:10]} 29. Rc1 {[%clk 00:03:41]} {[%emt 00:00:19]} Bh6 {[%clk
00:06:32]} {[%emt 00:00:22]} 30. Rxc6 {[%clk 00:03:12]} {[%emt 00:00:58]} Rxc6
{[%clk 00:06:54]} {[%emt 00:00:08]} 31. Qxc6 {[%clk 00:03:35]} {[%emt
00:00:07]} Qxc6 {[%clk 00:07:21]} {[%emt 00:00:03]} 32. Rxc6 {[%clk 00:04:03]}
{[%emt 00:00:02]} Bf4 {[%clk 00:07:46]} {[%emt 00:00:06]} 33. Bd5 {[%clk
00:03:17]} {[%emt 00:01:15]} Bxe5 {[%clk 00:07:21]} {[%emt 00:00:56]} 34. Nc4
{[%clk 00:03:26]} {[%emt 00:00:21]} 1-0

[Event "XLIV Memoriał Szachowy Ludwika Zamenhofa 2025, Grupa A"]
[Site "Białystok, Poland"]
[Date "2025.12.27"]
[Round "2.4"]
[White "Wojdak, Jan"]
[Black "Kozak, Antoni"]
[Result "1-0"]
[TimeControl "90'+30\""]
[WhiteElo "2214"]
[BlackElo "2426"]

1. d4 {[%clk 01:30:45]} {[%emt 00:00:13]} Nf6 {[%clk 01:21:31]} {[%emt
00:09:29]} 2. c4 {[%clk 01:31:10]} {[%emt 00:00:06]} e6 {[%clk 01:21:59]}
{[%emt 00:00:03]} 3. Nf3 {[%clk 01:31:35]} {[%emt 00:00:05]} Bb4+ {[%clk
01:22:15]} {[%emt 00:00:13]} 4. Nbd2 {[%clk 01:31:28]} {[%emt 00:00:37]} d5
{[%clk 01:20:42]} {[%emt 00:02:03]} 5. Qc2 {[%clk 01:24:43]} {[%emt 00:07:15]}
O-O {[%clk 01:17:51]} {[%emt 00:03:21]} 6. g3 {[%clk 01:25:02]} {[%emt
00:00:11]} b6 {[%clk 01:12:56]} {[%emt 00:05:25]} 7. Bg2 {[%clk 01:24:46]}
{[%emt 00:00:46]} Bb7 {[%clk 01:12:52]} {[%emt 00:00:34]} 8. O-O {[%clk
01:23:42]} {[%emt 00:01:34]} dxc4 {[%clk 01:07:02]} {[%emt 00:06:20]} 9. Nxc4
{[%clk 01:20:06]} {[%emt 00:04:06]} Be4 {[%clk 01:00:30]} {[%emt 00:07:02]} 10.
Qb3 {[%clk 01:16:12]} {[%emt 00:04:24]} Be7 {[%clk 00:58:45]} {[%emt 00:02:16]}
11. Rd1 {[%clk 01:08:21]} {[%emt 00:08:20]} Nbd7 {[%clk 00:56:36]} {[%emt
00:02:39]} 12. Nfe5 {[%clk 01:02:38]} {[%emt 00:06:14]} Bxg2 {[%clk 00:55:52]}
{[%emt 00:01:15]} 13. Kxg2 {[%clk 01:03:01]} {[%emt 00:00:07]} Qe8 {[%clk
00:48:55]} {[%emt 00:07:26]} 14. Bg5 {[%clk 00:48:38]} {[%emt 00:14:55]} Nd5
{[%clk 00:35:28]} {[%emt 00:13:56]} 15. Bxe7 {[%clk 00:43:41]} {[%emt
00:05:27]} Nxe7 {[%clk 00:35:33]} {[%emt 00:00:25]} 16. Nxd7 {[%clk 00:42:40]}
{[%emt 00:01:31]} Qxd7 {[%clk 00:36:02]} {[%emt 00:00:02]} 17. Ne5 {[%clk
00:42:59]} {[%emt 00:00:10]} Qd6 {[%clk 00:35:59]} {[%emt 00:00:33]} 18. Rac1
{[%clk 00:40:14]} {[%emt 00:03:15]} c6 {[%clk 00:28:59]} {[%emt 00:07:30]} 19.
Qf3 {[%clk 00:36:01]} {[%emt 00:04:43]} Rac8 {[%clk 00:29:13]} {[%emt
00:00:16]} 20. a3 {[%clk 00:26:01]} {[%emt 00:10:31]} Rc7 {[%clk 00:28:08]}
{[%emt 00:01:33]} 21. h4 {[%clk 00:23:00]} {[%emt 00:03:33]} Qd5 {[%clk
00:25:12]} {[%emt 00:03:25]} 22. e4 {[%clk 00:22:10]} {[%emt 00:01:20]} Qd8
{[%clk 00:24:44]} {[%emt 00:00:57]} 23. h5 {[%clk 00:22:12]} {[%emt 00:00:29]}
h6 {[%clk 00:20:01]} {[%emt 00:05:12]} 24. Rc2 {[%emt 00:16:13]} f6 {[%clk
00:16:47]} {[%emt 00:01:25]} 25. Nd3 {[%emt 00:06:55]} Qxd4 {[%emt 00:00:25]}
26. Nc5 {[%clk 00:08:48]} {[%emt 00:00:01]} bxc5 {[%clk 00:11:20]} {[%emt
00:00:07]} 27. Rxd4 {[%clk 00:09:13]} {[%emt 00:00:05]} cxd4 {[%clk 00:11:47]}
{[%emt 00:00:02]} 28. Qb3 {[%clk 00:07:55]} {[%emt 00:01:48]} Kf7 {[%clk
00:11:02]} {[%emt 00:01:15]} 29. Qc4 {[%clk 00:06:04]} {[%emt 00:02:21]} Rd8
{[%clk 00:10:41]} {[%emt 00:00:51]} 30. Rd2 {[%clk 00:05:19]} {[%emt 00:01:15]}
Rcd7 {[%clk 00:10:37]} {[%emt 00:00:35]} 31. Rd3 {[%clk 00:05:31]} {[%emt
00:00:18]} Rd6 {[%clk 00:10:38]} {[%emt 00:00:28]} 32. g4 {[%clk 00:05:03]}
{[%emt 00:00:59]} Kg8 {[%clk 00:08:51]} {[%emt 00:02:17]} 33. b4 {[%clk
00:04:15]} {[%emt 00:01:17]} Kh8 {[%clk 00:06:33]} {[%emt 00:02:49]} 34. a4
{[%clk 00:03:47]} {[%emt 00:00:59]} e5 {[%clk 00:06:29]} {[%emt 00:00:33]} 35.
Qc5 {[%clk 00:01:24]} {[%emt 00:02:53]} R6d7 {[%clk 00:06:18]} {[%emt
00:00:41]} 36. Kh2 {[%clk 00:01:29]} {[%emt 00:00:25]} Rb8 {[%clk 00:06:17]}
{[%emt 00:00:30]} 37. f4 {[%clk 00:01:14]} {[%emt 00:00:45]} Ng8 {[%clk
00:05:26]} {[%emt 00:01:21]} 38. Qxc6 {[%clk 00:00:59]} {[%emt 00:00:46]} Rbb7
{[%clk 00:05:21]} {[%emt 00:00:35]} 39. b5 {[%clk 00:00:56]} {[%emt 00:00:33]}
Rbc7 {[%clk 00:05:17]} {[%emt 00:00:33]} 40. Qe6 {[%clk 00:01:01]} {[%emt
00:00:24]} Re7 {[%clk 00:03:34]} {[%emt 00:02:15]} 41. Qb3 {[%clk 00:01:23]}
{[%emt 00:00:07]} Rc5 {[%clk 00:03:37]} {[%emt 00:00:27]} 42. Qb4 {[%clk
00:00:46]} {[%emt 00:01:08]} Rc2+ {[%clk 00:01:33]} {[%emt 00:02:33]} 43. Rd2
{[%clk 00:00:33]} {[%emt 00:00:44]} Rxd2+ {[%clk 00:00:40]} {[%emt 00:01:22]}
44. Qxd2 {[%clk 00:01:01]} {[%emt 00:00:02]} Rd7 {[%clk 00:01:06]} {[%emt
00:00:04]} 45. Qd3 {[%clk 00:00:46]} {[%emt 00:00:45]} Ne7 {[%clk 00:00:31]}
{[%emt 00:01:04]} 46. fxe5 {[%clk 00:00:53]} {[%emt 00:00:23]} fxe5 {[%clk
00:01:00]} {[%emt 00:00:01]} 47. a5 {[%clk 00:01:18]} {[%emt 00:00:06]} Nc8
{[%clk 00:00:33]} {[%emt 00:00:56]} 48. Qc4 {[%clk 00:01:26]} {[%emt 00:00:22]}
Ne7 {[%clk 00:00:32]} {[%emt 00:00:31]} 49. Qe6 {[%clk 00:01:24]} {[%emt
00:00:32]} Rb7 {[%clk 00:00:47]} {[%emt 00:00:15]} 50. a6 {[%clk 00:01:02]}
{[%emt 00:00:53]} Rc7 {[%clk 00:00:56]} {[%emt 00:00:20]} 51. Qxe5 {[%clk
00:00:38]} {[%emt 00:00:54]} Rd7 {[%clk 00:01:19]} {[%emt 00:00:08]} 52. Qe6
{[%clk 00:01:00]} {[%emt 00:00:07]} Rc7 {[%clk 00:01:46]} {[%emt 00:00:03]} 53.
Qd6 {[%clk 00:01:00]} {[%emt 00:00:30]} Rc2+ {[%clk 00:02:11]} {[%emt
00:00:05]} 54. Kg3 {[%clk 00:01:16]} {[%emt 00:00:12]} Rc3+ {[%clk 00:02:40]}
{[%emt 00:00:03]} 55. Kf2 {[%clk 00:01:37]} {[%emt 00:00:07]} 1-0

[Event "XLIV Memoriał Szachowy Ludwika Zamenhofa 2025, Grupa A"]
[Site "Białystok, Poland"]
[Date "2025.12.27"]
[Round "2.5"]
[White "Cukrowski, Filip"]
[Black "Terkiewicz, Bruno"]
[Result "0-1"]
[TimeControl "90'+30\""]
[WhiteElo "2417"]
[BlackElo "2211"]

1. d4 {[%clk 01:12:56]} {[%emt 00:18:04]} d5 {[%clk 01:30:55]} {[%emt
00:00:05]} 2. c4 {[%clk 01:13:15]} {[%emt 00:00:11]} e6 {[%clk 01:31:20]}
{[%emt 00:00:05]} 3. Nc3 {[%clk 01:12:52]} {[%emt 00:00:54]} c6 {[%clk
01:31:43]} {[%emt 00:00:06]} 4. e3 {[%clk 01:08:23]} {[%emt 00:04:59]} Nf6
{[%clk 01:32:06]} {[%emt 00:00:08]} 5. Qc2 {[%clk 01:07:51]} {[%emt 00:01:02]}
Nbd7 {[%clk 01:31:06]} {[%emt 00:01:29]} 6. Nf3 {[%clk 01:08:07]} {[%emt
00:00:14]} Bd6 {[%clk 01:31:17]} {[%emt 00:00:19]} 7. Be2 {[%clk 01:01:19]}
{[%emt 00:07:19]} dxc4 {[%clk 01:29:17]} {[%emt 00:02:29]} 8. Bxc4 {[%clk
01:01:39]} {[%emt 00:00:10]} b5 {[%clk 01:29:11]} {[%emt 00:00:36]} 9. Be2
{[%clk 00:58:32]} {[%emt 00:03:37]} Bb7 {[%clk 01:29:25]} {[%emt 00:00:16]} 10.
O-O {[%clk 00:56:29]} {[%emt 00:02:34]} O-O {[%clk 01:28:01]} {[%emt 00:01:54]}
11. Bd2 {[%clk 00:53:50]} {[%emt 00:03:09]} a6 {[%clk 01:19:34]} {[%emt
00:08:56]} 12. Ne4 {[%clk 00:50:01]} {[%emt 00:04:19]} Nxe4 {[%clk 01:18:48]}
{[%emt 00:01:16]} 13. Qxe4 {[%clk 00:50:29]} {[%emt 00:00:02]} Qe7 {[%clk
01:13:59]} {[%emt 00:05:18]} 14. Rac1 {[%clk 00:40:57]} {[%emt 00:10:03]} Rac8
{[%clk 01:13:56]} {[%emt 00:00:33]} 15. Rfd1 {[%clk 00:39:49]} {[%emt
00:01:38]} Nf6 {[%clk 01:13:01]} {[%emt 00:01:26]} 16. Qh4 {[%clk 00:39:35]}
{[%emt 00:00:43]} c5 {[%clk 01:12:19]} {[%emt 00:01:11]} 17. dxc5 {[%clk
00:39:26]} {[%emt 00:00:40]} Bxc5 {[%clk 01:12:15]} {[%emt 00:00:34]} 18. a4
{[%clk 00:21:54]} {[%emt 00:18:03]} Rfd8 {[%clk 00:58:19]} {[%emt 00:14:26]} 19.
axb5 {[%clk 00:21:15]} {[%emt 00:01:10]} axb5 {[%clk 00:57:26]} {[%emt
00:01:22]} 20. b4 {[%clk 00:11:11]} {[%emt 00:10:34]} Bd6 {[%clk 00:56:39]}
{[%emt 00:01:16]} 21. Rxc8 {[%clk 00:06:30]} {[%emt 00:05:12]} Rxc8 {[%clk
00:56:40]} {[%emt 00:00:29]} 22. Bxb5 {[%clk 00:06:00]} {[%emt 00:01:00]} Be4
{[%clk 00:39:41]} {[%emt 00:17:28]} 23. Ba6 {[%clk 00:04:08]} {[%emt 00:02:23]}
Rd8 {[%clk 00:39:17]} {[%emt 00:00:53]} 24. Bc3 {[%clk 00:02:15]} {[%emt
00:02:23]} Bxf3 {[%clk 00:38:46]} {[%emt 00:01:01]} 25. gxf3 {[%clk 00:00:56]}
{[%emt 00:01:50]} Bxh2+ {[%clk 00:39:10]} {[%emt 00:00:06]} 26. Kxh2 {[%clk
00:01:14]} {[%emt 00:00:12]} Rxd1 {[%clk 00:39:33]} {[%emt 00:00:06]} 27. Qg3
{[%clk 00:00:49]} {[%emt 00:00:56]} Nh5 {[%clk 00:38:44]} {[%emt 00:01:18]} 28.
Qg4 {[%clk 00:01:10]} {[%emt 00:00:08]} g6 {[%clk 00:36:50]} {[%emt 00:02:25]}
0-1

[Event "XLIV Memoriał Szachowy Ludwika Zamenhofa 2025, Grupa A"]
[Site "Białystok, Poland"]
[Date "2025.12.27"]
[Round "2.6"]
[White "Butkiewicz, Jan"]
[Black "Pidluznij, Gleb"]
[Result "1/2-1/2"]
[TimeControl "90'+30\""]
[WhiteElo "2199"]
[BlackElo "2411"]

1. d4 {[%clk 01:30:55]} {[%emt 00:00:04]} d5 {[%clk 01:27:31]} {[%emt
00:03:29]} 2. c4 {[%clk 01:31:18]} {[%emt 00:00:07]} c5 {[%clk 01:27:55]}
{[%emt 00:00:06]} 3. cxd5 {[%clk 01:29:39]} {[%emt 00:02:09]} Nf6 {[%clk
01:28:15]} {[%emt 00:00:10]} 4. e4 {[%clk 01:29:14]} {[%emt 00:00:56]} Nxe4
{[%clk 01:28:37]} {[%emt 00:00:08]} 5. dxc5 {[%clk 01:29:35]} {[%emt 00:00:09]}
Qa5+ {[%clk 01:29:00]} {[%emt 00:00:06]} 6. Bd2 {[%clk 01:22:35]} {[%emt
00:07:31]} Nxd2 {[%clk 01:29:21]} {[%emt 00:00:08]} 7. Qxd2 {[%clk 01:22:43]}
{[%emt 00:00:23]} Qxd2+ {[%clk 01:29:43]} {[%emt 00:00:08]} 8. Nxd2 {[%clk
01:22:38]} {[%emt 00:00:35]} g6 {[%clk 01:30:04]} {[%emt 00:00:08]} 9. Ngf3
{[%clk 00:56:05]} {[%emt 00:27:04]} Bg7 {[%clk 01:28:27]} {[%emt 00:02:07]} 10.
Bb5+ {[%clk 00:52:52]} {[%emt 00:03:43]} Nd7 {[%clk 01:23:57]} {[%emt
00:04:59]} 11. O-O {[%clk 00:46:02]} {[%emt 00:07:20]} O-O {[%clk 01:23:56]}
{[%emt 00:00:32]} 12. Bxd7 {[%clk 00:44:14]} {[%emt 00:02:18]} Bxd7 {[%clk
01:24:17]} {[%emt 00:00:09]} 13. Rfe1 {[%clk 00:43:42]} {[%emt 00:01:01]} Bf5
{[%clk 01:02:08]} {[%emt 00:22:39]} 14. Rxe7 {[%clk 00:37:31]} {[%emt
00:06:41]} Bxb2 {[%clk 01:02:29]} {[%emt 00:00:08]} 15. Rae1 {[%clk 00:30:24]}
{[%emt 00:07:38]} Ba3 {[%clk 00:45:12]} {[%emt 00:17:48]} 16. Rxb7 {[%clk
00:16:55]} {[%emt 00:13:58]} Bxc5 {[%clk 00:45:35]} {[%emt 00:00:07]} 17. Nb3
{[%clk 00:16:56]} {[%emt 00:00:30]} Bd6 {[%clk 00:27:42]} {[%emt 00:18:22]} 18.
Nbd4 {[%clk 00:13:59]} {[%emt 00:03:27]} Bc8 {[%clk 00:28:00]} {[%emt
00:00:12]} 19. Rbb1 {[%clk 00:13:37]} {[%emt 00:00:52]} Ba6 {[%clk 00:27:32]}
{[%emt 00:00:58]} 20. Nb5 {[%clk 00:09:44]} {[%emt 00:04:24]} Rfd8 {[%clk
00:27:55]} {[%emt 00:00:06]} 21. Ne5 {[%clk 00:06:32]} {[%emt 00:03:42]} Bxe5
{[%clk 00:15:21]} {[%emt 00:13:04]} 22. Rxe5 {[%clk 00:06:40]} {[%emt
00:00:22]} Rab8 {[%clk 00:15:49]} {[%emt 00:00:02]} 23. a4 {[%clk 00:06:06]}
{[%emt 00:01:05]} f6 {[%clk 00:07:58]} {[%emt 00:08:20]} 24. Re7 {[%clk
00:06:09]} {[%emt 00:00:26]} Bxb5 {[%clk 00:06:45]} {[%emt 00:01:45]} 25. Rxb5
{[%clk 00:06:00]} {[%emt 00:00:39]} Rxb5 {[%clk 00:07:06]} {[%emt 00:00:09]} 26.
axb5 {[%clk 00:06:24]} {[%emt 00:00:06]} Rxd5 {[%clk 00:07:32]} {[%emt
00:00:03]} 27. g3 {[%clk 00:06:36]} {[%emt 00:00:18]} Rxb5 {[%clk 00:07:57]}
{[%emt 00:00:05]} 28. Rxa7 {[%clk 00:07:02]} {[%emt 00:00:04]} 1/2-1/2